00462nam a2200169Ia 4500003000900000008004100009020001800050040001600068080001500084245006300099260003500162300001500197650002300212650001200235700002200247700002300269IN-BaIIA211028s9999 xx 000 0 eng d a0-8052-0191-2 cIIA Library a92:53bNAT 0aEinstein on Peace.cedited by Otto Nathan And Heinz Norden aNew YorkbSchocken Booksc1968 axvi, 704p. aEinstein Biography aScience aNathan, Otto, ed. aNorden, Heinz, ed.